| 000 | 00900nac a22002531u 4500 | ||
|---|---|---|---|
| 010 | _a 96049973 | ||
| 020 | _a0070507120 | ||
| 020 | _a0070507171 (pbk.) | ||
| 082 | 0 | 0 |
_a690.837 _bPOW |
| 090 |
_c9611 _d9611 |
||
| 100 | _aPowers, Chase M. | ||
| 245 | 1 | 0 |
_aBuilder's guide to cosmetic remodeling / _cChase Powers. |
| 246 | 3 | 0 | _aCosmetic remodeling |
| 260 |
_aNew York : _bMcGraw-Hill,1997 _cc1997. |
||
| 300 |
_axix, 324 p. : _bill. ; _c24 cm. |
||
| 500 | _a"A McGraw-Hill builder's guide"--Spine. | ||
| 500 | _aIncludes index. | ||
| 500 | _adistributer: Al-Ahram | ||
| 511 | _acatalogued by: wessam | ||
| 650 | 0 |
_aDwellings _xRemodeling. |
|
| 856 | 4 | 2 |
_3Publisher description _uhttp://www.loc.gov/catdir/description/mh022/96049973.html |
| 856 | 4 | 2 |
_3Table of contents _uhttp://www.loc.gov/catdir/toc/mh022/96049973.html |
| 942 |
_cBB _k690.837POW |
||
| 999 |
_c9611 _d9611 |
||